000 00301nam a2200145Ia 4500
100 _aShuets/Kondak
650 _aChemistry
942 _cBK
654 _aengineering
245 _aThermal Engineering
260 _bPeace publishers
_c2001
082 _a7621.4
300 _a483
546 _aENGLISH
999 _c34327
_d34327